Descripcion de los eventos de urgencias en salud mental reportados telefonicamente y atendidos por el servicio de atencion pre hospitalaria del Centro Regulador de Urgencias de Bogota D.C. entre los años 2004 - 2007 (Registro nro. 490204)

Detalles MARC
000 -CABECERA
campo de control de longitud fija 03081nam a2200313 u 4500
001 - NÚMERO DE CONTROL
campo de control 1123101
005 - FECHA Y HORA DE LA ÚLTIMA TRANSACCIÓN
campo de control 20260507085717.0
007 - CAMPO FIJO DE DESCRIPCIÓN FÍSICA--INFORMACIÓN GENERAL
campo de control de longitud fija co|||||||
008 - DATOS DE LONGITUD FIJA--INFORMACIÓN GENERAL
campo de control de longitud fija 090205s2008 spa
035 ## - NÚMERO DE CONTROL DEL SISTEMA
Número de control de sistema 1123101
040 ## - FUENTE DE LA CATALOGACIÓN
Centro/agencia transcriptor comduadb
041 ## - CÓDIGO DE LENGUA
Código de lengua del texto/banda sonora o título independiente spa
080 ## - NÚMERO DE LA CLASIFICACIÓN DECIMAL UNIVERSAL
Número de la Clasificación Decimal Universal WA
100 10 - ENTRADA PRINCIPAL--NOMBRE DE PERSONA
Nombre de persona Castaneda Gomez, Alejandro
Código de función aut
Término indicativo de función/relación Autor/a
9 (RLIN) 380489
245 10 - TÍTULO PROPIAMENTE DICHO
Título propiamente dicho Descripcion de los eventos de urgencias en salud mental reportados telefonicamente y atendidos por el servicio de atencion pre hospitalaria del Centro Regulador de Urgencias de Bogota D.C. entre los años 2004 - 2007
260 ## - PUBLICACIÓN, DISTRIBUCIÓN, ETC.
Lugar de publicación, distribución, etc. Medellín :
Nombre del editor, distribuidor, etc. [sin publicador],
Fecha de publicación, distribución, etc. 2008.
300 ## - DESCRIPCIÓN FÍSICA
Extensión 1 CD-ROM
520 3# - SUMARIO, ETC.
Nota de Sumario, etc. Objetivo: Describir los eventos de urgencias en salud mental reportados telefónicamente y atendidos por el Programa de atención pre hospitalaria del Centro Regulador de Urgencias de Bogotá D.C entre los años 2004-2007. Métodos: Para los primeros cuatro objetivos se hizo un estudio epidemiológico observacional descriptivo trasversal y para los últimos cuatro objetivos el estudio fue de tipo epidemiológico observacional descriptivo longitudinal. La población son todos los eventos de salud mental de urgencias ocurridos en Bogotá D.C, que fueron reportados telefónicamente y atendidos por el programa de atención prehospitalaria del Centro Regulador de Urgencias y que están registrados en la base de datos durante el periodo 2004 a 2007. Resultados: Las categorías diagnósticas en las que se clasificaron los eventos de salud mental de urgencias presentan una orientación al aumento; los eventos de salud mental son má s frecuentes en hombres en etapa adulto joven; el aseguramiento que más se atiende es el pobre no asegurado; los eventos de urgencia en su mayoría no requirieron traslado, es decir fueron atendidos en el lugar donde se presento la urgencia; la jornada en la que mas eventos se presento fue en la tarde y las localidades que mas presentan eventos de urgencia en salud mental son Ciudad Bolívar, Engativa, Kennedy y Suba. Con respecto a los eventos asociados a las categorías diagnosticas, presentan una orientación al aumento; y en todas las variables el comportamiento es igual al de las categorías diagnosticas. La categoría diagnóstica con mayor frecuencia en Bogotá fue la esquizofrenia y otros trastornos psicóticos y el evento asociado más frecuente fue la disfunción familiar y de pareja. Conclusión: la orientación de uso de los servicios de urgencias en salud mental es al aumento.
500 ## - NOTA GENERAL
Nota general Tesis (Especialista en Epidemiologia) Universidad de Antioquia - Título de la tesis
650 ## - PUNTO DE ACCESO ADICIONAL DE MATERIA--TÉRMINO DE MATERIA
Término de materia o nombre geográfico como elemento de entrada Salud mental comunitaria
9 (RLIN) 142864
650 ## - PUNTO DE ACCESO ADICIONAL DE MATERIA--TÉRMINO DE MATERIA
Término de materia o nombre geográfico como elemento de entrada Urgencias psiquiatricas
9 (RLIN) 153919
650 ## - PUNTO DE ACCESO ADICIONAL DE MATERIA--TÉRMINO DE MATERIA
Término de materia o nombre geográfico como elemento de entrada Centro Regulador de Urgencias y Emergencias
9 (RLIN) 175200
650 #7 - PUNTO DE ACCESO ADICIONAL DE MATERIA--TÉRMINO DE MATERIA
Término de materia o nombre geográfico como elemento de entrada Trastornos mentales
Fuente del encabezamiento o término dcs
9 (RLIN) 70429
650 #7 - PUNTO DE ACCESO ADICIONAL DE MATERIA--TÉRMINO DE MATERIA
Término de materia o nombre geográfico como elemento de entrada Servicios de salud mental
Fuente del encabezamiento o término lemb
9 (RLIN) 173577
700 10 - ENTRADA AGREGADA--NOMBRE PERSONAL
Nombre de persona Moncada Muñoz, Melissa
Código de función aut
Término indicativo de función/relación Autor/a
9 (RLIN) 557325
700 10 - ENTRADA AGREGADA--NOMBRE PERSONAL
Nombre de persona Sandoval Torres, Monica Milena
Código de función aut
Término indicativo de función/relación Autor/a
9 (RLIN) 555001
700 10 - ENTRADA AGREGADA--NOMBRE PERSONAL
Nombre de persona Arias Valencia, Samuel Andrés
Código de función ths
Término indicativo de función/relación Asesor/a de tesis
9 (RLIN) 372086
942 ## - ELEMENTOS DE ENTRADA AGREGADA (KOHA)
Tipo de ítem Koha Tesis
Existencias
Estado de retiro Estado de pérdida Estado dañado No para préstamo Código de colección Localización permanente Ubicación/localización actual Fecha de adquisición Fuente de adquisición Número de inventario Total de préstamos Signatura topográfica completa Código de barras Fecha visto por última vez Número de copia Precio válido a partir de Tipo de ítem Koha
        Colección Semiactiva Biblioteca de Salud Pública, Campus Medellín Biblioteca de Salud Pública, Campus Medellín 05/02/2009 Material adquirido por donación C1032053   WM105 C3-08 CD-ROM 0683034 28/04/2023 1 28/04/2023 Digital (CD-ROM, DVD, Blu-Ray, USB)